000 00871nam a2200253 i 4500
001 103758
003 ES-MaACL
005 20251001145253.0
007 t|
008 051117s1983 sp a |||| | spa d
020 _a84-7288-026-5
080 _a616-075.75(075.8)
100 1 _aMeschan, Isadore.
_980649
245 1 0 _aRadiología general
_b: compendio analítico semiológico /
_cIsadore Meschan ; con la colaboración de R.M.F. Farrer-Meschan y Anne G. Osborn ; traducción, J.L. Villavieja Atance y E. Jiménez Ayllón.
250 _a1ª ed.
260 _aMadrid :
_bA.C.,
_c1983.
300 _aXI, 663 p. :
_bil. ;
_c28 cm.
500 _aÍndices.
650 7 _aRadiología
_2embne
_9140316
700 1 _aFarrer-Meschan, R. M. F.
_948893
700 1 _aOsborn, Anne G.,
_d1943-
_9162094
852 _aES-MaACL
_jG-13334
999 _c103758
_d103758